40 Most Powerful Female Singers Quiz - Statistics

General Stats
  • This quiz has been taken 242 times
    222 since last reset
  • The average score is 20 of 40
Answer Stats
Song Singer % Correct
Hello Adele
95%
Single Ladies Beyonce Knowles
94%
Pokerface Lady Gaga
93%
Firework Katy Perry
92%
All I Want For Christmas Is You Mariah Carey
89%
Diamonds Rihanna
89%
Chandelier Sia Furler
88%
I Will Always Love You Whitney Houston
88%
My Heart Will Go On Celine Dion
87%
Wrecking Ball Miley Cyrus
87%
Vogue Madonna
77%
Side To Side Ariana Grande
75%
Girl On Fire Alicia Keys
74%
So What P!nk
71%
Bang Bang Jessie J
65%
Back to Black Amy Winehouse
64%
Beautiful Christina Aguilera
63%
Shout Out To My Ex Perrie Edwards
62%
Black Magic Jade Thirlwall
61%
Secret Love Song Jesy Nelson
61%
Hair Leigh-Anne Pinnock
61%
Cool For The Summer Demi Lovato
57%
Summertime Sadness Lana del Rey
55%
Heartbeat Song Kelly Clarkson
51%
What's Love Got To Do With It? Tina Turner
46%
Before He Cheats Carrie Underwood
37%
Bring Me To Life Amy Lee
31%
Woman In Love Barbra Streisand
26%
I Knew You Were Waiting Aretha Franklin
25%
Dog Days Are Over Florence Welch
22%
Spotlight Jennifer Hudson
17%
Take A Hint Victoria Justice
12%
Don't Hold Your Breath Nicole Scherzinger
8%
Ikot-Ikot Sarah Geronimo
6%
If Only You Knew Patti Labelle
5%
Blue Skies Ella Fitzgerald
4%
You've Made Me Stronger Regine Velasquez
3%
All I've Ever Needed AJ Michalka
2%
Elan Floor Jansen
2%
Apocalypse Jackie Evancho
1%
No matching quizzes found
Score Distribution
Percent of People with Each Score
Percentile by Number Answered
Your Score History
You have not taken this quiz since the last reset